000 00337nam a22001337a 4500
008 180806b xxu||||| |||| 00| 0 eng d
082 _a813.52
245 _aPotter&perry instructor powerpack for fundamentals of nursing
_cELSEVIER
260 _c2011
300 _a1
_fCD
440 _x9780323080644
760 _b7 th
942 _2ddc
_cMX
999 _c46796
_d46796